| 000 | 00399nam a2200145Ia 4500 | ||
|---|---|---|---|
| 008 | 230917s9999||||xx |||||||||||||| ||und|| | ||
| 040 |
_e35120 _aMAIN |
||
| 041 | _aEnglish | ||
| 082 | _a342.548309 N143C | ||
| 100 | _aNair, R Ramakrishnan | ||
| 245 | 0 | _aConstitutional experiments in Kerala | |
| 260 |
_aTrivandrum _bKerala Academy of Political Science _c1964 |
||
| 300 | _aii, 219 p. | ||
| 942 | _cBK | ||
| 999 |
_c92196 _d92196 |
||